00845nam a2200265Ia 450000500170000000800410001702000180005810000230007624500550009925000110015430000340016565000360019965000360023565000410027165000470031270000300035994200120038926400290040133600270043033700330045733800280049004000350051808400110055399900150056420220317000148.0141031s9999 xx 000 0 und d a978849662900410aCarle, Ericd1929-10a1, 2, 3 al zoo c texto e ilustraciones Eric Carle a2a ed. a18 páginas bilustraciones 14a Animales de zoológico 2LEMB14a Autores estadounidenses 2LEMB14a Ilustradores estadounidenses 2LEMB14a Literatura infantil estadounidense 2LEMB10aCarle, Ericd1929-917081 2loccBK aMadrid bKókinosc2011 atextobtxt2rdacontent asin mediaciónbn2rdamedia avolumenbnc2rdacarrier aCO-BoRNBPbspaerdacCO-BoRNBP aA CAR5 c3271d3271